| 000 | 00615nam a2200229Ia 4500 | ||
|---|---|---|---|
| 003 | OSt | ||
| 005 | 20220924121702.0 | ||
| 006 | a|||||r|||| 00| 0 | ||
| 007 | ta | ||
| 008 | 220923b |||||||| |||| 00| 0 urd d | ||
| 024 | _a315261 | ||
| 037 | _cTextual | ||
| 040 |
_aARTS _cARTS _burd |
||
| 041 |
_2urd _aurd |
||
| 082 | _aO168,1NKH11,6, M8 | ||
| 100 |
_aKhawir Abdurrazzaq _9186914 |
||
| 245 | 0 | _aQandeel | |
| 260 |
_aKarachi _bAnjuman Dabistan Pakistan _c1988 |
||
| 650 | _aURDU POETRY | ||
| 942 |
_hO168,1NKH11,6, M8 _cTEXL _2CC |
||
| 999 |
_c408601 _d408601 |
||